Warrior Cats: Onestar Quiz Stats

 Plays Quiz not verified by Sporcle

Support Sporcle.
Go Orange.
Score 0/51 Timer 10:00
0 Plays Today
Hint Answer % Correct
????
100%
????
91.5%
????
90.3%
????
85.5%
????
81%
????
78.2%
????
77.4%
????
76.6%
????
76.6%
????
73.8%
????
72.2%
????
68.5%
????
66.5%
????
65.7%
????
64.9%
????
64.1%
????
63.3%
????
62.9%
????
62.5%
????
56.5%
????
50%
????
45.2%
????
40.3%
????
39.5%
????
37.9%
????
35.9%
Hint Answer % Correct
????
33.1%
????
33.1%
????
31.9%
????
30.6%
????
30.2%
????
27.8%
????
25.4%
????
23.8%
????
23.8%
????
23%
????
22.2%
????
21.8%
????
21.4%
????
21.4%
????
21%
????
20.2%
????
19.8%
????
19.4%
????
18.5%
????
18.5%
????
18.5%
????
18.5%
????
17.3%
????
17.3%
????
17.3%

You're not logged in!

Compare scores with friends on all Sporcle quizzes.
OR
Log In

From the Vault

NFL Top 5 Running Backs by Year (1990-2009)

by WickyWachyJoo

These guys made their fantasy owners very happy.
Remove Ads.
Support Sporcle.
Get the best of Sporcle when you Go Orange. This ad-free experience offers more features, more stats, and more fun while also helping to support Sporcle. Thank you for becoming a member.

Show Comments

Extras

Top Quizzes Today


Score Distribution

Your Account Isn't Verified!

In order to create a playlist on Sporcle, you need to verify the email address you used during registration. Go to your Sporcle Settings to finish the process.

Report this User

Report this user for behavior that violates our Community Guidelines.

Details: